[Event "Tournoi échelle champions"]
[Site "www.echecsemail.com"]
[Date "2026.01.02"]
[Round "1"]
[White "Domenico"]
[Black "Alain64"]
[WhiteElo "1720"]
[BlackElo "2120"]
[Result "0-1"]
1.e4 c5
2.Bf1c4 e6
3.Ng1f3 Nb8c6
4.O-O d5
5.exd5 exd5
6.Bc4e2 Ng8f6
7.c3 Bf8e7
8.d4 cxd4
9.Nf3xd4 O-O
10.Bc1e3 Rf8e8
11.Nb1d2 Nc6xd4
12.Be3xd4 Bc8f5
13.Nd2f3 Nf6e4
14.Nf3e5 Be7f6
15.f3 Bf6xe5
16.fxe4 Be5xd4
17.Qd1xd4 Bf5xe4
18.Be2h5 g6
19.Bh5g4 h5
20.Bg4f3 b6
21.Ra1e1 Be4xf3
22.Re1xe8 Qd8xe8
23.Rf1xf3 Qe8e1
24.Rf3f1 Qe1e4
25.Qd4f6 Ra8f8
26.h3 Qe4e6
27.Qf6d4 Rf8e8
28.b4 Qe6e3
29.Qd4xe3 Re8xe3
30.Rf1c1 Re3e2
31.a4 Kf8
32.a5 Ke7
33.axb6 axb6
34.Rc1d1 Ke6
35.Rd1d4 Re2e4
36.Rd4d3 Ke5
37.Kf2 d4
38.cxd4 Re4xd4
39.Rd3xd4 Kxd4
40.Kf3 Kc4
41.g4 hxg4
42.Kxg4 Kxb4
43.Kg5 Kc4
44.Kf6 b5
45.Kxf7 b4
46.Kxg6 b3
47.h4 b2
48.h5 b1Q
{ abandon }0-1

[Event "Coupe Niveau 2"]
[Site "www.echecsemail.com"]
[Date "2026.01.02"]
[Round "1"]
[White "4x4"]
[Black "Woluwe1975"]
[WhiteElo "1480"]
[BlackElo "1620"]
[Result "0-1"]
1.e4 e6
2.d4 d5
3.e5 c5
4.c3 Nb8c6
5.Nb1d2 cxd4
6.Nd2b3 Bc8d7
7.Nb3xd4 Nc6xe5
8.Ng1f3 Ne5c6
9.Nd4xc6 Bd7xc6
10.Nf3e5 Qd8c7
11.f4 Ng8f6
12.Ne5xc6 Qc7xc6
13.g3 d4
14.Rh1g1 dxc3
15.Bf1g2 Qc6b6
16.Ke2 cxb2
17.Ra1b1 bxc1N
18.Qd1xc1 Qb6a6
19.Kf2 Nf6g4
20.Kf3 Ng4f6
21.Bg2f1 Qa6c6
22.Qc1xc6 bxc6
23.Bf1a6 Ra8d8
24.Rg1d1 Nf6d5
25.Rb1b7 Bf8c5
26.Rd1b1 Bc5b6
27.Kg4 O-O
28.a4 Rd8b8
29.Rb7xb8 Rf8xb8
30.a5 Bb6c7
31.Rb1xb8 Bc7xb8
32.Ba6b7 Nd5e7
33.a6 c5
34.Kf3 Bb8c7
35.Ke4 f5
36.Kd3 Bc7b6
37.Kc4 Kf7
38.Bb7f3 Kf6
39.h3 h6
40.g4 g5
41.fxg5 hxg5
42.gxf5 exf5
43.Bf3d5 Ne7xd5
44.Kxd5 f4
45.Ke4 Ke6
46.Kf3 Kf5
47.Kg2 c4
48.Kf1 c3
49.Ke2 Bb6d4
50.Kd3 f3
51.Kxd4 c2
52.Kc5 c1Q
53.Kb5 f2
54.Kb4 f1R
55.Ka5 Qc1b2
56.Ka4 Rf1a1
0-1

[Event "Tournoi n27364"]
[Site "www.echecsemail.com"]
[Date "2026.01.02"]
[Round "1"]
[White "Verson"]
[Black "Geantvert"]
[WhiteElo "1840"]
[BlackElo "1870"]
[Result "0-1"]
1.d4 f5
2.Ng1f3 Ng8f6
3.Bc1f4 h6
4.e3 g5
5.Bf4e5 Bf8g7
6.Bf1d3 d6
7.Be5g3 Bc8d7
8.Nb1d2 Nb8c6
9.O-O Nc6b4
10.Bd3c4 a6
11.a3 Nb4d5
12.Bc4a2 c6
13.c4 Nd5c7
14.h3 Nf6h5
15.Bg3h2 f4
16.e4 Nc7e6
17.Qd1e2 Nh5f6
18.e5 dxe5
19.Nf3xe5 Ne6xd4
20.Nd2f3 Nd4xe2
{ abandon }0-1

[Event "Eq:au plaisir du jeux -Royal Kids :"]
[Site "www.echecsemail.com"]
[Date "2026.01.02"]
[Round "1"]
[White "Manulatus"]
[Black "Estrafolis"]
[WhiteElo "1880"]
[BlackElo "1610"]
[Result "1-0"]
1.c4 e6
2.Nb1c3 g6
3.g3 Bf8g7
4.Bf1g2 a6
5.e4 Ng8e7
6.Ng1e2 O-O
7.O-O d6
8.d3 Nb8d7
9.Ra1b1 Ne7c6
10.f4 Nc6d4
11.Bc1e3 c5
12.h3 Ra8b8
13.a4 b5
14.axb5 axb5
15.b4 Nd4xe2
16.Nc3xe2 bxc4
17.dxc4 cxb4
18.Be3d4 e5
19.Bd4e3 Nd7c5
20.Ne2c1 Bc8d7
21.Qd1xd6 Qd8c8
22.Qd6xc5 Qc8xc5
23.Be3xc5 Rf8c8
24.Bc5d6 exf4
25.Bd6xb8 Rc8xb8
26.gxf4 Bd7e6
27.c5 Bg7d4
28.Kh1 Bd4xc5
29.Nc1b3 Bc5e7
30.e5 Rb8c8
31.Rf1d1 Rc8c3
32.Nb3d4 Be6d7
33.Nd4e2 Rc3c2
34.Rd1xd7 { abandon }1-0

[Event "Eq:Vikings-Pirates du Mat :"]
[Site "www.echecsemail.com"]
[Date "2026.01.02"]
[Round "1"]
[White "Rackam"]
[Black "Bibisept"]
[WhiteElo "2040"]
[BlackElo "1950"]
[Result "1-0"]
1.e4 c6
2.d4 d5
3.exd5 cxd5
4.c4 Ng8f6
5.Nb1c3 e6
6.Ng1f3 Nb8c6
7.c5 Bf8e7
8.a3 O-O
9.b4 a5
10.b5 Nc6a7
11.a4 Nf6e4
12.Qd1c2 Ne4xc3
13.Qc2xc3 Bc8d7
14.Bc1a3 Ra8c8
15.Bf1e2 Rf8e8
16.O-O Be7f6
17.Qc3d2 e5
18.dxe5 Bf6xe5
19.Nf3xe5 Re8xe5
20.Be2f3 Bd7e6
21.Rf1d1 Qd8d7
22.Ra1c1 Qd7e8
23.Ba3b2 Re5f5
24.Bf3g4 Rf5xf2
25.Qd2xf2 Be6xg4
26.Qf2g3 Qe8e4
27.h3 Qe4xa4
28.Qg3xg4 Qa4xg4
29.hxg4 Na7xb5
30.Rd1xd5 h6
31.Rc1d1 Kh7
32.Rd1e1 Rc8c7
33.Re1e8 a4
34.Re8d8 a3
35.Bb2a1 Kg6
36.Rd8g8 f6
37.Rd5f5 Kf7
38.Rg8d8 Rc7e7
39.Rd8b8 Re7e1
40.Rf5f1 Re1e7
41.Rf1c1 Nb5a7
42.Kf2 Na7c6
43.Rb8a8 Re7e4
44.Kf3 Re4b4
45.Ra8xa3 g5
46.Ra3d3 Rb4f4
47.Kg3 Rf4e4
48.Rd3d7 Re4e7
49.Rd7xe7 Nc6xe7
50.Rc1d1 f5
51.gxf5 h5
52.Rd1d7 Ke8
53.Rd7xb7 Ne7xf5
54.Kf2 g4
55.c6 h4
56.Rb7h7 h3
57.gxh3 gxh3
58.Rh7xh3 Kd8
59.Ba1e5 Ke7
60.c7 Kd7
61.Rh3h7 Kc8
62.Rh7h8 { abandon }1-0

[Event "Memorial Lara CIII"]
[Site "www.echecsemail.com"]
[Date "2026.01.02"]
[Round "1"]
[White "Alain64"]
[Black "Emmanuel"]
[WhiteElo "2120"]
[BlackElo "1940"]
[Result "0-1"]
1.g4 d5
2.Bf1g2 Bc8xg4
3.c4 c6
4.Qd1b3 Qd8c7
5.cxd5 cxd5
6.Bg2xd5 Qc7xc1
7.Qb3d1 Qc1xd1
8.Kxd1 Nb8c6
9.Nb1c3 e6
10.Bd5g2 Bf8c5
11.f4 Ng8e7
12.h3 Bg4h5
13.Ng1f3 Ne7f5
14.e3 O-O-O
15.Ke2 Nf5h4
16.Rh1g1 g6
17.Nc3e4 Bc5b6
18.Ra1d1 Nh4xf3
19.Bg2xf3 Bh5xf3
20.Kxf3 e5
21.Rg1e1 exf4
22.Kxf4 Bb6c7
23.Kf3 Nc6e5
24.Kg2 Ne5d3
25.Re1f1 f5
26.Ne4g5 Rd8d7
27.Rd1b1 Rd7e7
28.Ng5f3 Rh8d8
29.b4 Nd3e5
30.Nf3d4 Ne5c4
31.Rf1d1 a6
32.Rb1c1 Nc4b2
33.Rd1f1 Kb8
34.b5 axb5
35.Nd4xb5 Rd8xd2
36.Kf3 Rd2h2
37.Nb5xc7 Re7xc7
38.Kg3 Rc7xc1
39.Rf1xc1 Rh2d2
40.Kf3 Nb2d3
41.a4 Rd2a2
42.Rc1d1 Nd3e5
43.Kf4 Ne5c6
44.Rd1d7 Ra2xa4
45.Kg3 h5
46.Rd7g7 Nc6e5
47.Rg7e7 Ra4e4
{ abandon }0-1

[Event "Gisèle 1"]
[Site "www.echecsemail.com"]
[Date "2026.01.02"]
[Round "1"]
[White "4x4"]
[Black "Titit1"]
[WhiteElo "1450"]
[BlackElo "1480"]
[Result "1-0"]
1.Ng1f3 c5
2.d3 Qd8a5
3.Bc1d2 Qa5b6
4.b3 Ng8f6
5.e4 Nb8c6
6.Nb1c3 d6
7.Bf1e2 e5
8.Nc3a4 Qb6d8
9.c4 Bf8e7
10.Qd1c2 Bc8g4
11.h3 Bg4e6
12.O-O-O O-O
13.g4 Be6d7
14.Nf3h4 Nc6d4
15.Qc2b2 Bd7c6
16.Be2f1 Nf6d7
17.Bd2e3 a6
18.Nh4f5 Nd4xf5
19.gxf5 Be7g5
20.Be3xg5 Qd8xg5
21.Qb2d2 Qg5d8
22.Bf1g2 Nd7b6
23.Na4xb6 Qd8xb6
24.f4 f6
25.h4 a5
26.Bg2f3 a4
27.Kb1 axb3
28.axb3 Qb6xb3
29.Qd2b2 Qb3xb2
30.Kxb2 b6
31.fxe5 dxe5
32.Rd1a1 Rf8d8
33.Ra1xa8 Bc6xa8
34.Rh1a1 Ba8c6
35.Ra1a6 Rd8xd3
36.Bf3e2 Rd3e3
37.Be2d1 Bc6xe4
38.Ra6xb6 h6
39.Rb6b8 Kh7
40.Bd1h5 Be4xf5
41.Rb8b5 Re3h3
42.Rb5xc5 Rh3xh4
43.Bh5f7 e4
44.Rc5xf5 e3
45.Rf5f1 Rh4h2
46.Kc1 Rh2h4
47.Rf1e1 Rh4e4
48.Kd1 g5
49.Ke2 Kg7
50.Bf7d5 Re4e7
51.Kf3 Kg6
52.Re1xe3 Re7a7
53.Re3c3 Ra7a1
54.Bd5e4 Kg7
55.Rc3d3 Ra1c1
56.Rd3d4 Rc1f1
57.Kg4 Rf1g1
58.Kf5 h5
59.Ke6 Kh6
60.c5 Rg1c1
61.c6 g4
62.Kxf6 g3
63.Kf5 h4
64.Kg4 g2
65.Be4xg2 Rc1g1
66.Rd4d2 Rg1c1
67.Kxh4 Rc1c5
68.Kg4 Rc5g5
69.Kf4 Rg5c5
70.Rd2d6 Kg7
71.Rd6d7 Kf6
72.c7 Ke6
73.Bg2h3 Kf6
74.Rd7d6 Ke7
75.Rd6d7 Ke8
76.Rd7d8 Ke7
77.c8R Rc5xc8
78.Rd8xc8 Kf7
79.Ke5 Kg6
80.Rc8f8 Kg7
81.Rf8f5 Kg6
82.Rf5f6 Kg5
83.Rf6f8 Kh4
84.Rf8g8 Kxh3
85.Kf4 Kh4
86.Rg8h8 1-0

[Event "Eq:Pirates du Mat-modesty :"]
[Site "www.echecsemail.com"]
[Date "2026.01.02"]
[Round "1"]
[White "Dedechecs"]
[Black "Sp52"]
[WhiteElo "2180"]
[BlackElo "2390"]
[Result "0-1"]
1.e4 e5
2.Ng1f3 Nb8c6
3.Bf1b5 a6
4.Bb5a4 Ng8f6
5.O-O b5
6.Ba4b3 Bc8b7
7.c3 Nf6xe4
8.Rf1e1 d5
9.d4 exd4
10.Nf3xd4 Nc6xd4
11.Qd1xd4 c5
12.Qd4e5 Qd8e7
13.Qe5f4 c4
14.Bb3c2 Qe7e6
15.f3 Bf8d6
16.Qf4h4 Bd6e7
17.Qh4h5 Ne4g3
18.Re1xe6 Ng3xh5
19.Re6e2 g6
20.g4 Nh5g7
21.Bc1e3 O-O
22.Nb1d2 Be7d6
23.Ra1e1 Rf8e8
24.Nd2f1 d4
25.Be3xd4 Re8xe2
26.Re1xe2 Bb7xf3
27.Re2d2 Bd6c7
28.h3 Ng7e6
29.Kf2 Ne6xd4
30.Rd2xd4 Bf3c6
31.Nf1e3 Bc7e5
32.Rd4d2 Kg7
33.Bc2d1 Ra8a7
34.Bd1f3 Ra7d7
35.Ne3f1 Rd7xd2
36.Nf1xd2 Bc6xf3
37.Nd2xf3 Be5f4
38.b3 cxb3
39.axb3 a5
40.Nf3d4 a4
41.bxa4 bxa4
42.Nd4b5 Bf4d6
43.c4 a3
44.Nb5c3 Kf6
45.Kf3 Ke5
46.Ke3 Bd6c5
47.Kd3 Kf4
48.Kc2 Bc5f8
49.Nc3d5 Kg3
50.Kb3 f5
51.gxf5 gxf5
52.Nd5f6 f4
53.Nf6h5 Kf3
54.Nh5f6 h6
55.Nf6d7 Bf8e7
{ abandon }0-1

[Event "Défi"]
[Site "www.echecsemail.com"]
[Date "2026.01.02"]
[Round "1"]
[White "Artistepeintre"]
[Black "Mais"]
[WhiteElo "1550"]
[BlackElo "1930"]
[Result "0-1"]
1.d4 d5
2.e3 Ng8f6
3.f3 Bc8f5
4.g4 Bf5g6
5.Ng1h3 h6
6.Nh3f4 Bg6h7
7.Bf1b5 c6
8.Bb5d3 e6
9.Bc1d2 Bf8d6
10.Nf4h5 Nf6xh5
11.gxh5 Qd8h4
12.Kf1 Qh4h3
13.Kg1 Bh7xd3
14.cxd3 Qh3xh5
15.Bd2e1 Qh5g5
16.Kf2 f5
17.Rh1g1 Qg5h4
18.Ke2 Qh4f6
19.Rg1g2 c5
20.Nb1a3 a6
21.Qd1a4 Nb8d7
22.Qa4b3 cxd4
23.Qb3xb7 Ra8b8
24.Qb7xa6 Rb8xb2
25.Be1d2 Rb2xd2
26.Kxd2 dxe3
27.Ke2 Qf6b2
28.Kf1 Qb2xa1
29.Ke2 Qa1b2
30.Kf1 Qb2c1
31.Ke2 Qc1d2
32.Kf1 Qd2d1
0-1

[Event "TRISTAN DA CUNHA"]
[Site "www.echecsemail.com"]
[Date "2026.01.02"]
[Round "1"]
[White "4x4"]
[Black "Petitlulu64"]
[WhiteElo "1420"]
[BlackElo "1750"]
[Result "0-1"]
1.e4 e5
2.Ng1f3 Nb8c6
3.Nb1c3 Ng8f6
4.Bf1c4 Bf8d6
5.Nf3g5 O-O
6.d3 Nc6d4
7.Bc1e3 c5
8.Nc3d5 b5
9.Bc4b3 Bc8b7
10.h4 Nf6xd5
11.Be3xd4 f6
12.exd5 exd4
13.c4 fxg5
14.h5 b4
15.Qd1d2 a5
16.O-O-O a4
17.Bb3c2 Bd6f4
18.Qd2xf4 gxf4
19.b3 axb3
20.Bc2xb3 Qd8g5
21.Rd1e1 f3
22.Kb2 fxg2
23.Rh1g1 Rf8xf2
24.Bb3c2 Ra8f8
25.Kb3 Rf2f1
26.Rg1xf1 gxf1Q
27.Re1xf1 Rf8xf1
28.Ka4 Rf1a1
29.Bc2b3 Qg5d8
30.Kb5 Qd8b8
31.a4 Bb7xd5
32.Kxc5 Bd5f3
33.Kxd4 Qb8d6
34.Ke3 Qd6g3
35.c5 Bf3d5
36.Kd4 Bd5xb3
37.Ke4 Ra1e1
38.Kd4 Qg3e5
0-1

[Event "Tournoi n27340"]
[Site "www.echecsemail.com"]
[Date "2026.01.02"]
[Round "1"]
[White "Verson"]
[Black "Connecticcut"]
[WhiteElo "1900"]
[BlackElo "1850"]
[Result "0-1"]
1.d4 d5
2.Ng1f3 Bc8f5
3.e3 a6
4.c4 e6
5.Nb1c3 Ng8f6
6.Qd1b3 b6
7.cxd5 Nf6xd5
8.Nc3xd5 Qd8xd5
9.Bf1c4 Qd5e4
10.O-O Bf8d6
11.Bc1d2 O-O
12.Ra1c1 Qe4g4
13.Bc4e2 Bf5e4
14.h3 Qg4g6
15.Nf3e1 Nb8d7
16.Be2f3 Nd7f6
17.Bf3xe4 Nf6xe4
18.Ne1f3 h5
19.Qb3c2 f5
20.Nf3e5 Bd6xe5
21.dxe5 c5
22.Rc1d1 h4
23.Bd2c1 Qg6h5
24.Rd1d7 Rf8f7
25.Rf1d1 g5
26.Rd7xf7 Qh5xf7
27.Qc2d3 b5
28.Qd3d7 c4
29.Qd7xf7 Kxf7
30.f3 Ne4g3
31.Kf2 Ke7
32.Rd1d6 Ng3h5
33.Bc1d2 Nh5g7
34.Bd2b4 Kf7
35.Rd6d7 Kg6
36.Ke2 a5
37.Bb4e7 f4
38.exf4 gxf4
39.Be7xh4 Ra8a6
40.g4 fxg3
41.Bh4xg3 Ng7f5
42.Bg3f2 b4
43.Rd7d8 Nf5e7
44.Rd8f8 Ne7d5
45.Bf2g3 c3
46.bxc3 Nd5xc3
47.Kd3 Nc3xa2
48.Kc4 Na2c3
49.Bg3e1 Nc3d5
50.Be1d2 Ra6b6
51.h4 b3
52.Bd2c1 b2
53.Bc1xb2 Rb6xb2
54.Rf8f6 Nd5xf6
{ abandon }0-1

[Event "Tournoi n27323"]
[Site "www.echecsemail.com"]
[Date "2026.01.02"]
[Round "1"]
[White "Picasso"]
[Black "Jmarcboury"]
[WhiteElo "2110"]
[BlackElo "2180"]
[Result "0-1"]
1.e4 c5
2.Ng1f3 a6
3.c3 d5
4.exd5 Qd8xd5
5.d4 e6
6.Bf1d3 Ng8f6
7.O-O Bf8e7
8.dxc5 Qd5xc5
9.Bc1f4 Nb8c6
10.Nb1d2 O-O
11.Nd2b3 Qc5h5
12.Rf1e1 b5
13.Nb3d4 Nc6xd4
14.Nf3xd4 Qh5xd1
15.Ra1xd1 Bc8b7
16.c4 bxc4
17.Bd3xc4 Ra8c8
18.b3 Be7b4
19.Re1e2 Nf6d5
20.Bf4e5 Nd5c3
21.Re2e3 Nc3xd1
22.Re3g3 g6
{ abandon }0-1

[Event "Eq:Les Rois du Succes-Vikings :"]
[Site "www.echecsemail.com"]
[Date "2026.01.02"]
[Round "1"]
[White "Bibisept"]
[Black "Picasso"]
[WhiteElo "1950"]
[BlackElo "2080"]
[Result "1/2-1/2"]
1.d4 d5
2.c4 dxc4
3.e4 e5
4.dxe5 Qd8xd1
5.Kxd1 Nb8c6
6.Ng1f3 Bc8g4
7.Bc1f4 O-O-O
8.Nb1d2 Bf8b4
9.Kc1 Ng8e7
10.Bf1xc4 Bg4h5
11.Kc2 Ne7g6
12.Bf4g3 Bb4xd2
13.Nf3xd2 Ng6xe5
14.Bg3xe5 Nc6xe5
15.b3 Ne5xc4
16.Nd2xc4 Bh5g6
17.f3 Rd8d4
18.Ra1d1 Rh8d8
19.Nc4e5 f5
20.Ne5xg6 hxg6
21.exf5 gxf5
22.Rd1xd4 Rd8xd4
23.Rh1e1 Kd7
24.Kc3 Rd4d6
25.Re1e5 g6
26.h4 f4
27.h5 gxh5
28.Re5xh5 Rd6f6
29.a4 Kc6
30.Kc4 a6
31.Rh5c5 Kd7
32.b4 b6
33.Rc5d5 Kc6
34.b5 Kb7
35.Kd4 Rf6g6
36.Rd5f5 Rg6xg2
37.Rf5xf4 axb5
{ nul }1/2-1/2

[Event "MI6B"]
[Site "www.echecsemail.com"]
[Date "2026.01.02"]
[Round "1"]
[White "Apage"]
[Black "Nicodemouscron"]
[WhiteElo "1970"]
[BlackElo "2130"]
[Result "1-0"]
1.e4 c5
2.Ng1f3 d6
3.d4 cxd4
4.Nf3xd4 Ng8f6
5.Nb1c3 a6
6.f4 e5
7.Nd4f3 Bc8g4
8.fxe5 Bg4xf3
9.gxf3 Nf6h5
10.Bc1e3 dxe5
11.Qd1xd8 Kxd8
12.O-O-O Ke8
13.Nc3d5 Bf8d6
14.Nd5b6 { abandon }1-0

[Event "Défi"]
[Site "www.echecsemail.com"]
[Date "2026.01.02"]
[Round "1"]
[White "Jlouism"]
[Black "Aigle12"]
[WhiteElo "1540"]
[BlackElo "1470"]
[Result "1-0"]
1.d4 d6
2.Nb1c3 e6
3.e4 Nb8c6
4.d5 Nc6e5
5.f4 Ne5d7
6.Bf1c4 Ng8f6
7.Ng1f3 g6
8.dxe6 fxe6
9.Bc4xe6 Nd7b6
10.Nf3g5 Bc8xe6
11.Ng5xe6 Qd8e7
12.f5 Nb6c4
13.Qd1f3 Nc4e5
14.Qf3d1 a5
15.Nc3b5 Ra8c8
16.Nb5a7 Rc8a8
17.Na7b5 Ne5c4
18.Ne6xc7 Kf7
19.Nc7d5 Nf6xd5
20.Qd1xd5 Ke8
21.Qd5xc4 Kd8
22.O-O Bf8g7
23.fxg6 hxg6
24.Rf1f7 Qe7e5
25.Qc4c7 Ke8
26.Nb5xd6 { abandon }1-0

[Event "Défi( 10J+24H/c 10J Max )"]
[Site "www.echecsemail.com"]
[Date "2026.01.02"]
[Round "1"]
[White "Strix"]
[Black "Dversix"]
[WhiteElo "1960"]
[BlackElo "1540"]
[Result "1-0"]
1.b3 d5
2.Bc1b2 e6
3.e3 Ng8f6
4.Nb1c3 Bf8e7
5.Ng1f3 O-O
6.Qd1e2 b6
7.O-O-O a5
8.Nf3e5 Be7d6
9.f4 c6
10.g4 Bc8a6
11.Qe2g2 Nb8d7
12.Bf1xa6 Ra8xa6
13.h4 h6
14.g5 hxg5
15.hxg5 Nf6e4
16.Qg2h3 Nd7xe5
17.Qh3h8 1-0

[Event "Coupe Niveau 2"]
[Site "www.echecsemail.com"]
[Date "2026.01.02"]
[Round "1"]
[White "4x4"]
[Black "Domenico"]
[WhiteElo "1480"]
[BlackElo "1730"]
[Result "1-0"]
1.e4 e5
2.f4 exf4
3.Ng1f3 Bf8e7
4.d3 Be7h4
5.Nf3xh4 Qd8xh4
6.Kd2 Ng8h6
7.c3 d5
8.Kc2 dxe4
9.Bc1d2 exd3
10.Bf1xd3 O-O
11.Nb1a3 Bc8f5
12.Bd3xf5 Nh6xf5
13.Ra1c1 Rf8d8
14.Kb1 Nf5e3
15.Qd1e2 Qh4g5
16.h4 Qg5f5
17.Ka1 Nb8c6
18.Bd2xe3 fxe3
19.Qe2xe3 a5
20.Rh1e1 b5
21.c4 b4
22.Na3b5 a4
23.Nb5xc7 Ra8c8
24.Nc7e8 b3
25.a3 Nc6d4
26.Qe3c3 Nd4c2
27.Rc1xc2 Qf5xc2
28.Qc3xg7 1-0

[Event "Tournoi n27351"]
[Site "www.echecsemail.com"]
[Date "2026.01.02"]
[Round "1"]
[White "Zadkine1"]
[Black "Tiounet"]
[WhiteElo "1740"]
[BlackElo "1670"]
[Result "1/2-1/2"]
1.e4 a6
2.Ng1f3 b5
3.d3 Bc8b7
4.Bc1f4 g6
5.Nb1d2 Bf8g7
6.Ra1b1 Ng8f6
7.a4 O-O
8.b3 b4
9.Bf1e2 a5
10.O-O d6
11.Nd2c4 c5
12.e5 Nf6d5
13.Bf4d2 Rf8e8
14.exd6 exd6
15.Nf3g5 Nd5c3
16.Bd2xc3 Bg7xc3
17.Ng5e4 Bb7xe4
18.dxe4 Re8xe4
19.Be2f3 Re4d4
20.Qd1e2 Ra8a7
21.Rf1e1 Bc3xe1
22.Rb1xe1 Kg7
23.Nc4e3 Ra7e7
24.g3 Nb8d7
25.h4 Nd7e5
26.h5 Ne5xf3
27.Qe2xf3 Qd8e8
28.Re1d1 Rd4xd1
29.Qf3xd1 Re7e6
30.Qd1d2 Re6e5
31.g4 Qe8e6
32.c4 Re5e4
33.Kf1 Re4f4
34.Ne3f5 Rf4xf5
35.gxf5 Qe6xf5
36.h6 Kg8
37.Qd2xd6 Qf5c8
38.f4 f5
39.Qd6f6 Qc8f8
40.Qf6e6 Kh8
41.Qe6e5 Kg8
42.Qe5d5 { nul }1/2-1/2

[Event "Tournoi n27354"]
[Site "www.echecsemail.com"]
[Date "2026.01.02"]
[Round "1"]
[White "Carpediem50"]
[Black "Aramis"]
[WhiteElo "1430"]
[BlackElo "1560"]
[Result "0-1"]
1.e4 e5
2.d4 exd4
3.Qd1xd4 Nb8c6
4.Qd4d5 Ng8f6
5.Qd5d4 Nc6xd4
6.Bf1d3 Bf8c5
{ abandon }0-1

[Event "NIHAU 2"]
[Site "www.echecsemail.com"]
[Date "2026.01.02"]
[Round "1"]
[White "Intrigue"]
[Black "Brettsinclair"]
[WhiteElo "1700"]
[BlackElo "1900"]
[Result "0-1"]
1.c4 g6
2.Nb1c3 c5
3.Ng1f3 Bf8g7
4.e4 d6
5.d3 Ng8f6
6.Bf1e2 Nb8c6
7.O-O a6
8.a3 O-O
9.Bc1d2 e6
10.h3 h6
11.Qd1c1 Kh7
12.Ra1b1 b6
13.b4 Nf6d7
14.b5 Nc6b8
15.a4 a5
16.Bd2f4 Nd7f6
17.Rf1d1 Nf6h5
18.Bf4h2 Qd8e7
19.Nf3d2 Nb8d7
20.Be2xh5 gxh5
21.Nd2f3 Bc8b7
22.Rd1e1 Ra8d8
23.Nc3e2 f6
24.Ne2g3 Qe7f7
25.Qc1d1 f5
26.exf5 exf5
27.Qd1c2 Bb7xf3
28.gxf3 Bg7d4
29.Ng3e2 Qf7g7
30.Kh1 Bd4xf2
31.Re1f1 Bf2e3
32.Ne2f4 Be3xf4
33.Bh2xf4 Qg7d4
34.Bf4h2 Qd4h4
35.Bh2xd6 Rf8g8
36.Qc2h2 Rd8e8
37.Rf1f2 Re8e3
38.Rb1d1 Rg8e8
39.Bd6g3 Qh4d4
40.Bg3c7 Re3e1
41.Rd1xe1 Re8xe1
42.Kg2 Qd4xd3
43.Qh2d6 Qd3xd6
44.Bc7xd6 Re1c1
45.Rf2e2 Rc1xc4
46.Re2a2 Kg6
47.Kg3 h4
48.Kg2 Rc4d4
49.Bd6c7 c4
50.Kf2 f4
51.Ke2 Kf5
52.Ra2c2 h5
53.Bc7d8 Nd7e5
54.Bd8xh4 Rd4d3
55.Bh4e7 Rd3xf3
56.h4 Rf3e3
57.Kf2 Ne5d3
58.Kg2 f3
59.Kg3 f2
60.Kg2 Nd3e1
61.Kxf2 Ne1xc2
62.Be7d8 Re3e6
{ abandon }0-1

[Event "Tournoi n27345"]
[Site "www.echecsemail.com"]
[Date "2026.01.02"]
[Round "1"]
[White "Bjl"]
[Black "Alain64"]
[WhiteElo "2070"]
[BlackElo "2110"]
[Result "1-0"]
1.c4 Ng8f6
2.Nb1c3 e5
3.g3 Bf8b4
4.Ng1f3 Nb8c6
5.Bf1g2 O-O
6.O-O Bb4xc3
7.bxc3 d6
8.d3 Qd8e7
9.Ra1b1 h6
10.Bc1a3 Bc8e6
11.Qd1a4 a6
12.Rb1xb7 Nc6d8
13.Rb7b1 Be6d7
14.Qa4c2 Nd8c6
15.Nf3d2 Ra8b8
16.Nd2b3 Rf8e8
17.c5 d5
18.Nb3d2 Bd7f5
19.Rb1xb8 Re8xb8
20.Rf1b1 Qe7d8
21.Rb1xb8 Nc6xb8
22.c4 d4
23.Qc2b3 Bf5g4
24.f3 Bg4d7
25.Ba3b4 Nb8c6
26.Nd2f1 Nf6h5
27.Bb4d2 f5
28.e3 Nh5f6
29.f4 e4
30.dxe4 fxe4
31.exd4 Nc6xd4
32.Qb3e3 Bd7c6
33.Bd2c3 Nd4f5
34.Qe3d2 Qd8e7
35.Kh1 e3
36.Nf1xe3 Qe7xe3
37.Bg2xc6 Qe3xc5
38.Bc6d5 Nf6xd5
39.Qd2xd5 Qc5xd5
40.cxd5 Nf5e3
41.Bc3e5 Ne3xd5
42.Kg2 Kf7
43.Kf3 c6
44.Ke4 g6
45.Kd4 Ke6
46.Kc5 Kd7
47.g4 a5
48.h4 Nd5b4
49.a3 Nb4d3
50.Kd4 Nd3f2
51.g5 h5
52.Kc5 Nf2e4
53.Kb6 Ne4g3
54.Kxa5 Ng3f5
55.Kb6 Nf5xh4
56.a4 Nh4f3
57.a5 h4
58.a6 h3
59.a7 h2
60.a8Q h1Q
61.Qa8xc6 Ke7
62.Qc6f6 Kd7
63.Qf6f7 Kd8
64.Be5f6 { abandon }1-0

[Event "Défi"]
[Site "www.echecsemail.com"]
[Date "2026.01.02"]
[Round "1"]
[White "4x4"]
[Black "Artistepeintre"]
[WhiteElo "1460"]
[BlackElo "1550"]
[Result "0-1"]
1.e4 e5
2.f4 exf4
3.Ng1f3 c6
4.d3 Qd8c7
5.Nb1c3 h6
6.Bc1d2 Nb8a6
7.d4 Bf8e7
8.Bf1xa6 bxa6
9.Qd1e2 Ng8f6
10.O-O-O Bc8b7
11.a3 c5
12.d5 Be7d6
13.Nc3b1 Nf6h5
14.Nf3h4 g5
15.Qe2xh5 gxh4
16.Qh5xh4 Bb7c8
17.c4 Ra8b8
18.g3 Bd6e7
19.Bd2xf4 d6
20.Rd1d2 Be7xh4
21.gxh4 Qc7b6
22.Nb1c3 Bc8d7
23.Kd1 Bd7g4
24.Kc1 Bg4f3
25.Rh1f1 Bf3g4
26.Nc3a4 Qb6b3
27.Na4c3 Qb3xc4
28.Rd2c2 Qc4xf1
29.Kd2 Qf1xf4
30.Kd3 Qf4f1
31.Nc3e2 Qf1d1
32.Rc2d2 Qd1b1
33.Ke3 Rb8b3
34.Ne2c3 Qb1e1
35.Kd3 Rh8g8
36.Kc2 Rb3b7
37.Nc3a4 Bg4d7
38.Na4c3 Bd7g4
39.b3 Bg4f3
40.h3 Rg8g3
41.Nc3a4 Bf3xe4
42.Kb2 Qe1xd2
43.Ka1 Rg3g1
0-1

[Event "Défi( 10J+24H/c 10J Max )"]
[Site "www.echecsemail.com"]
[Date "2026.01.02"]
[Round "1"]
[White "Hberlioz"]
[Black "Vb83"]
[WhiteElo "1670"]
[BlackElo "1420"]
[Result "1-0"]
1.e4 e6
2.d4 d5
3.e5 Nb8c6
4.Ng1f3 h6
5.Nb1c3 Bf8b4
6.Bc1d2 Ng8e7
7.a3 Bb4xc3
8.Bd2xc3 O-O
9.Bf1b5 Bc8d7
10.Qd1d2 a6
11.Bb5a4 b5
12.Ba4b3 f6
13.h4 fxe5
14.dxe5 Ne7f5
15.g4 Nf5e7
16.g5 h5
17.Nf3d4 Nc6xd4
18.Bc3xd4 Ne7c6
19.c3 Nc6xd4
20.cxd4 g6
21.Bb3c2 c6
22.f4 a5
23.a4 b4
24.Bc2xg6 Qd8e7
25.Rh1f1 c5
26.dxc5 Qe7xc5
27.Ra1c1 Qc5b6
28.Qd2d3 Kg7
29.Bg6h7 Bd7e8
30.Qd3f3 Kxh7
31.b3 Be8g6
32.Ke2 Bg6e4
33.Qf3g3 Qb6d4
34.Rc1c7 Kg6
35.Qg3h3 Qd4b2
36.Ke1 Be4g2
37.Qh3xe6 Rf8f6
38.Qe6xf6 1-0

[Event "Coupe Niveau 1"]
[Site "www.echecsemail.com"]
[Date "2026.01.02"]
[Round "1"]
[White "4x4"]
[Black "Katastrofic"]
[WhiteElo "1470"]
[BlackElo "1430"]
[Result "1-0"]
1.e4 c5
2.Bf1c4 e6
3.d3 Bf8e7
4.Nb1c3 d6
5.Bc1e3 a6
6.Qd1d2 b5
7.Bc4b3 Bc8d7
8.a3 a5
9.Bb3a2 Ng8f6
10.Ng1f3 e5
11.O-O-O b4
12.Nc3d5 O-O
13.Nf3e1 Bd7c6
14.g3 Bc6xd5
15.Ba2xd5 Nf6xd5
16.exd5 f5
17.a4 Nb8d7
18.c4 h6
19.b3 Be7g5
20.f4 exf4
21.Be3xf4 Bg5xf4
22.Qd2xf4 Nd7f6
23.Qf4xf5 Qd8c8
24.Qf5xc8 Ra8xc8
25.Ne1g2 Nf6g4
26.Ng2f4 Rf8xf4
27.gxf4 Ng4f2
28.Rh1f1 Nf2h3
29.Rf1f3 { abandon }1-0

[Event "Eq:Mission Impossible-modesty :"]
[Site "www.echecsemail.com"]
[Date "2026.01.02"]
[Round "1"]
[White "Pherce"]
[Black "Cobraxx10"]
[WhiteElo "2230"]
[BlackElo "2210"]
[Result "1-0"]
1.e4 c5
2.Ng1f3 d6
3.d4 cxd4
4.Nf3xd4 Ng8f6
5.Nb1c3 Nb8c6
6.Bf1c4 Qd8b6
7.Nd4xc6 bxc6
8.O-O e6
9.Ra1b1 Bf8e7
10.Bc1e3 Qb6c7
11.Bc4d3 O-O
12.f4 Qc7a5
13.b4 Qa5c7
14.Qd1f3 Bc8b7
15.Qf3h3 h6
16.Rf1f3 d5
17.Rf3g3 dxe4
18.Qh3xh6 Nf6e8
19.Bd3xe4 f5
20.Qh6xe6 Rf8f7
21.Be4xf5 Ra8d8
22.Bf5g6 Ne8d6
23.Bg6xf7 Kf8
24.Bf7g6 Qc7d7
25.Qe6xd7 { abandon }1-0

[Event "OAHU 2"]
[Site "www.echecsemail.com"]
[Date "2026.01.02"]
[Round "1"]
[White "Casisimed"]
[Black "Pgo"]
[WhiteElo "1650"]
[BlackElo "1700"]
[Result "0-1"]
1.e4 e5
2.Ng1f3 Nb8c6
3.Bf1b5 d6
4.O-O Bc8d7
5.c3 Ng8f6
6.d3 Bf8e7
7.Rf1e1 O-O
8.Nb1d2 a6
9.Bb5a4 b5
10.Ba4c2 h6
11.d4 Bd7g4
12.Re1e3 g5
13.h3 Bg4h5
14.dxe5 Nc6xe5
15.Qd1e1 Bh5xf3
16.gxf3 c5
17.Nd2f1 Ne5c4
18.Re3d3 Nc4e5
19.Rd3d1 Ne5xf3
20.Kg2 Nf3xe1
21.Rd1xe1 a5
22.e5 dxe5
23.Nf1g3 Qd8d5
24.Kg1 c4
25.Ng3f5 Rf8e8
26.Nf5xh6 Kg7
27.Nh6f5 Kf8
28.Bc1xg5 Qd5e6
29.Bg5h6 Kg8
30.Nf5xe7 Qe6xe7
31.Kh1 Nf6h5
32.Re1g1 Kh8
33.Ra1e1 Qe7h4
34.Kh2 f6
35.Rg1g2 Re8g8
36.Re1e4 Rg8xg2
37.Kxg2 Ra8g8
38.Kf1 Qh4xh3
39.Ke2 Qh3g2
40.Re4e3 Nh5f4
41.Bh6xf4 exf4
42.Re3f3 Rg8e8
{ abandon }0-1

[Event "Défi"]
[Site "www.echecsemail.com"]
[Date "2026.01.02"]
[Round "1"]
[White "Cocola34"]
[Black "Abelito"]
[WhiteElo "1630"]
[BlackElo "1580"]
[Result "0-1"]
1.e4 e5
2.h4 Ng8f6
3.f3 d5
4.d3 Nb8c6
5.a3 Bf8c5
6.Ng1e2 d4
7.b4 Bc5b6
8.Bc1d2 a5
9.b5 Nc6a7
10.a4 c5
11.g4 h5
12.g5 Nf6d7
13.Ne2g3 g6
14.Bf1g2 Nd7f8
15.O-O c4
16.Kh1 Nf8e6
17.Nb1a3 c3
18.Bd2e1 Ne6f4
19.Rf1f2 Nf4xg2
20.Rf2xg2 f5
21.Na3c4 f4
22.Ng3e2 Bb6c5
23.Nc4xe5 Rh8g8
24.Ne2c1 Bc5d6
25.Ne5c4 Bd6f8
26.Nc1e2 Bc8h3
27.Rg2h2 Bh3c8
28.Ne2xf4 b6
29.Be1g3 Bc8b7
30.Nf4e6 Qd8e7
31.Nc4xb6 Qe7xe6
32.Nb6xa8 Bb7xa8
33.Qd1g1 Bf8c5
34.Qg1e1 Rg8f8
35.Qe1e2 Na7c8
36.Qe2g2 Nc8b6
37.Kg1 Ba8b7
38.Qg2h3 Qe6f7
39.f4 Bb7c8
40.Qh3f1 Qf7e6
41.Rh2f2 Qe6g4
42.Qf1g2 Bc5d6
43.e5 Bd6c5
44.Qg2c6 Bc8d7
45.Qc6xg6 Rf8f7
46.Kh2 Qg4h3
47.Kg1 Qh3xg3
48.Rf2g2 Qg3e3
49.Rg2f2 Qe3g3
50.Rf2g2 Qg3xh4
51.e6 Qh4xf4
52.exf7 Kd8
53.Qg6g8 Kc7
54.Ra1f1 Qf4e3
55.Rf1f2 Qe3c1
56.Rf2f1 Qc1e3
57.Rf1f2 Qe3e1
58.Kh2 Bc5d6
{ abandon }0-1